000 00325nam a2200121Ia 4500
008 240624s9999 xx 000 0 und d
041 _aeng
082 _a658.5 PRO
100 _aPRODUCTIVITY PRESS
245 _aVALUE STREAM MANAGEMENT DVD SET EIGHT ST
260 _c2006
_aimprovements
_bProductivity Press
365 _cBPS
_b30
999 _c15061
_d15061